000 00717nam a2200205Ia 4500
001 5301
003 GE_BSU
008 181216s||||||||xx |||||||||||||| ||und||
040 _cGE_BSU
080 _a514
100 _aГромол Д. Клингенберг В. Мейер В.
245 _aРиманова геометрия в целом. Riemannsche Geometrie Im Groben.
245 _cПер с немецкого Ю.Д. Бураго. Под ред. и с добавл. В.А. Топоногова.
260 _aМосква
260 _bМир
260 _c1971
300 _a343 с. 22 см.
653 _aРиманова геометрия в целом. Riemannsche Geometrie Im Groben.
942 _cBK
999 _c38888
_d38888